000 00267nam a2200109Ia 4500
008 190914s9999||||xx |||||||||||||| ||und||
100 _aDr. Muhammad Uzair
245 0 _aInterest Free Banking
260 _aNew Jersey
_bPrentice Hall
_c2001
300 _a2005
942 _cBK
999 _c9412
_d9412